La Eucarístia en la historia de las conversiones / (Record no. 39837)

MARC details
000 -LEADER
campo de control de longitud fija 00611nam a2200205 i 4500
001 - NÚMERO DE CONTROL
campo de control 39837
003 - IDENTIFICADOR DE NÚMERO DE CONTROL
campo de control ES-MaACL
005 - FECHA Y HORA DE LA ÚLTIMA TRANSACCIÓN
campo de control 20250821074831.0
007 - CAMPO FIJO DE DESCRIPCIÓN FÍSICA--INFORMACIÓN GENERAL
campo de control de longitud fija t|
008 - DATOS DE LONGITUD FIJA--INFORMACIÓN GENERAL
campo de control de longitud fija 030304q1946 sp |||| | spa d
100 1# - ENTRADA PRINCIPAL--NOMBRE DE PERSONA
Nombre de persona Capanaga, Victorino.
9 (RLIN) 34776
245 13 - MENCIÓN DEL TÍTULO
Título La Eucarístia en la historia de las conversiones /
Mención de responsabilidad, etc. por Victorino Capanaga de San Agustín.
250 ## - MENCION DE EDICION
Mención de edición 2ª ed.
260 ## - PUBLICACIÓN, DISTRIBUCIÓN, ETC.
Lugar de publicación, distribución, etc. Madrid :
Nombre del editor, distribuidor, etc. A.M.A.R.,
Fecha de publicación, distribución, etc. [1946?] (
Fabricante Imp. Juan Bravo)
300 ## - DESCRIPCIÓN FÍSICA
Extensión 396 p. ;
Dimensiones 17 cm.
650 07 - PUNTO DE ACCESO ADICIONAL DE MATERIA--TÉRMINO DE MATERIA
Término de materia o nombre geográfico como elemento de entrada Eucaristía
Fuente del encabezamiento o término embne
9 (RLIN) 12604
650 #4 - PUNTO DE ACCESO ADICIONAL DE MATERIA--TÉRMINO DE MATERIA
Término de materia o nombre geográfico como elemento de entrada Conversos.
9 (RLIN) 154379
852 ## - LOCALIZACIÓN
Ubicación ES-MaACL
Número de control de estantería B-6134
Holdings
Estatus retirado Estado de pérdida Estado de daño No para préstamo Biblioteca de origen Biblioteca actual Ubicación en estantería Fecha de adquisición Fuente de adquisición Total de préstamos Signatura topográfica completa Código de barras Visto por última vez Precio de reemplazo Tipo de ítem Koha
        Biblioteca del Ateneo de Madrid Biblioteca del Ateneo de Madrid Sala Pardo Bazán 17/01/2008     B-6134 1041949 23/02/2023 23/02/2023 Libro impreso